[Event "Frankfurt Ch 2011"]
[Site "Ffm-Kalbach, LAZ"]
[Date "2011.06.06"]
[Round "6.51"]
[White "Haftmann, Rainer"]
[Black "Schellen, Sven"]
[Result "1-0"]
[WhiteElo "1920"]
[BlackElo "1745"]
[PlyCount "157"]
[EventDate "2011.??.??"]
[WhiteTeam "SG 1945 Dietzenbach"]
[BlackTeam "Sfr. Frankfurt 1921"]

1. e4 b6 2. d4 e6 3. Nf3 Bb7 4. Bd3 Nf6 5. Qe2 d5 6. e5 Nfd7 7. O-O c5 8. c3
Nc6 9. Bg5 Be7 10. Bxe7 Qxe7 11. Na3 c4 12. Bc2 a6 13. Rac1 O-O 14. Bb1 f6 15.
exf6 Qxf6 16. Rce1 Rae8 17. Qc2 g6 18. Qd2 e5 19. dxe5 Ncxe5 20. Nd4 Nc5 21.
Re3 Qf4 22. g3 Qh6 23. f4 Ng4 24. Re2 Ne4 25. Bxe4 dxe4 26. Nxc4 Rf6 27. Ne3
Nxe3 28. Qxe3 Qf8 29. Rd2 g5 30. Rdf2 g4 31. f5 h6 32. Rf4 h5 33. R4f2 Kh7 34.
Qg5 Qh6 35. Qxh6+ Kxh6 36. Re1 Re5 37. Re3 Bc8 38. Rfe2 Bb7 39. Kg2 Bd5 40. h4
Bxa2 41. b3 Ra5 42. Rxe4 Bb1 43. Re6 Kg7 44. Rxf6 Kxf6 45. Re6+ Kf7 46. Rxb6
Ra2+ 47. Kg1 Ra1 48. Kf2 Ra2+ 49. Ke3 Rg2 50. Kf4 Bd3 51. c4 a5 52. Ra6 Rd2 53.
Kg5 Bxc4 54. bxc4 Rxd4 55. Ra7+ Kf8 56. c5 Rc4 57. Rxa5 Rc3 58. Kxh5 Rxg3 59.
Kg5 Rg1 60. c6 Rc1 61. Kxg4 Rxc6 62. Ra7 Rc1 63. Kg5 Rg1+ 64. Kf6 Kg8 65. Ra8+
Kh7 66. Re8 Rg4 67. h5 Rg1 68. Kf7 Rh1 69. f6 Rg1 70. Re5 Rf1 71. Ke7 Kg8 72.
Rg5+ Kh8 73. f7 Re1+ 74. Kf6 Rf1+ 75. Kg6 Rf2 76. h6 Rf1 77. Rf5 Rg1+ 78. Kf6
Rg6+ 79. Ke7 1-0

[Event "Frankfurt Ch 2011"]
[Site "Ffm-Kalbach, LAZ"]
[Date "2011.06.06"]
[Round "6.52"]
[White "Ottenburg, Ralph"]
[Black "Riha, Peter"]
[Result "1-0"]
[WhiteElo "1950"]
[BlackElo "1806"]
[PlyCount "53"]
[EventDate "2011.??.??"]
[WhiteTeam "Sfr. Frankfurt 1921"]
[BlackTeam "SC Bergen-Enkheim 1922"]

1. d4 Nf6 2. Nf3 b6 3. g3 Bb7 4. Bg2 c5 5. e3 g6 6. O-O Bg7 7. c4 O-O 8. Nc3 d6
9. Qc2 Qc8 10. d5 Nfd7 11. Rb1 Ne5 12. Nd2 f5 13. f4 Ng4 14. Nf3 h6 15. h3 Nf6
16. Nh4 Qe8 17. e4 fxe4 18. Nxe4 Bc8 19. g4 Nbd7 20. Ng3 Kh7 21. g5 hxg5 22.
fxg5 Ng8 23. Nxg6 Bd4+ 24. Kh1 Rxf1+ 25. Bxf1 Kg7 26. Nh5+ Kh7 27. Nf8+ 1-0

[Event "Frankfurt Ch 2011"]
[Site "Ffm-Kalbach, LAZ"]
[Date "2011.06.06"]
[Round "6.53"]
[White "Lewien, Frank"]
[Black "Bötticher, Tim"]
[Result "0-1"]
[WhiteElo "1499"]
[BlackElo "2056"]
[PlyCount "107"]
[EventDate "2011.??.??"]
[WhiteTeam "SV Lahn Limburg"]
[BlackTeam "Lübecker SV von 1873"]

1. d4 d5 2. Nf3 Nf6 3. e3 c6 4. Bd3 Bg4 5. c4 e6 6. Nbd2 Nbd7 7. Qb3 Qb6 8. c5
Qc7 9. O-O Be7 10. Qc2 Bh5 11. Re1 O-O 12. b4 a5 13. b5 cxb5 14. Bxb5 b6 15. c6
Bd6 16. a4 Ng4 17. h3 Ngf6 18. Ba3 Bxa3 19. Rxa3 Rfd8 20. Bd3 Bg6 21. Bxg6 hxg6
22. Rc3 Nb8 23. Ne5 Na6 24. Rb1 Nb4 25. Qb3 Rac8 26. f4 Kf8 27. Kf2 Rd6 28. Ke2
Qa7 29. Rbc1 Rc7 30. g4 Qa8 31. g5 Ng8 32. Nd7+ Ke8 33. Kf2 Qa6 34. Ne5 Ne7 35.
Qb1 Rd8 36. h4 Nf5 37. Rh1 Rdc8 38. h5 Nxc6 39. h6 Nxe5 40. Rxc7 Ng4+ 41. Kf3
gxh6 42. Rxc8+ Qxc8 43. Qb5+ Kf8 44. Kxg4 h5+ 45. Kf3 Qc3 46. Qe2 Nxd4+ 47. Kf2
Nxe2 48. Kxe2 Qc2 49. Rb1 Qc6 50. Rb5 Ke7 51. Kd3 f6 52. gxf6+ Kxf6 53. Kd4 Qc2
54. Rxb6 0-1

[Event "Frankfurt Ch 2011"]
[Site "Ffm-Kalbach, LAZ"]
[Date "2011.06.06"]
[Round "6.54"]
[White "Neumann, Manfred"]
[Black "Rauscher, Joachim"]
[Result "1-0"]
[WhiteElo "1768"]
[BlackElo "1525"]
[PlyCount "71"]
[EventDate "2011.??.??"]
[WhiteTeam "SC 1961 König Nied"]
[BlackTeam "SC Brett vor'm Kopp Ffm"]

1. d4 d5 2. c4 e6 3. Nc3 Nf6 4. Nf3 Be7 5. Bg5 c6 6. e3 O-O 7. Bd3 h6 8. Bh4
Nbd7 9. O-O dxc4 10. Bxc4 Nd5 11. Bxe7 Qxe7 12. Rc1 Qb4 13. Qe2 Re8 14. a3 Qe7
15. Rfd1 a6 16. Ba2 a5 17. Qd2 Kh8 18. e4 Nxc3 19. Qxc3 Nf6 20. Bb1 Nh5 21. e5
Nf4 22. Qc2 Ng6 23. Qe4 b5 24. Qg4 c5 25. Rxc5 Bb7 26. Rdc1 Rac8 27. Rxc8 Rxc8
28. Rxc8+ Bxc8 29. Bxg6 fxg6 30. Qxg6 Qc7 31. h3 Qc1+ 32. Kh2 Bb7 33. Qf7 Bd5
34. Nh4 Qxb2 35. Ng6+ Kh7 36. Ne7 1-0

[Event "Frankfurt Ch 2011"]
[Site "Ffm-Kalbach, LAZ"]
[Date "2011.06.06"]
[Round "6.55"]
[White "Nagel, Norbert"]
[Black "Kirschner, Matthias"]
[Result "1-0"]
[WhiteElo "1758"]
[BlackElo "1703"]
[PlyCount "49"]
[EventDate "2011.??.??"]
[WhiteTeam "SC Bad Nauheim"]
[BlackTeam "SV 1997 Nauheim"]

1. g3 g6 2. c4 Bg7 3. Bg2 c5 4. Nf3 Nf6 5. O-O O-O 6. Nc3 Nc6 7. Rb1 a6 8. a3
Rb8 9. b4 cxb4 10. axb4 b5 11. cxb5 axb5 12. d4 Ne8 13. e3 d5 14. Nxd5 e6 15.
Nc3 Nd6 16. Qb3 Ne7 17. Nd2 Bb7 18. Bxb7 Rxb7 19. Nce4 Nxe4 20. Nxe4 Rd7 21.
Bb2 Qb6 22. Rbc1 Rfd8 23. Rc5 e5 24. dxe5 Rd3 25. Qc2 1-0

[Event "Frankfurt Ch 2011"]
[Site "Ffm-Kalbach, LAZ"]
[Date "2011.06.06"]
[Round "6.56"]
[White "Muthig, Holger"]
[Black "Zepuntke, Thomas"]
[Result "1/2-1/2"]
[WhiteElo "1496"]
[BlackElo "1745"]
[PlyCount "81"]
[EventDate "2011.??.??"]
[WhiteTeam "vereinslos"]
[BlackTeam "vereinslos"]

1. d4 Nf6 2. c4 g6 3. Nc3 Bg7 4. g3 O-O 5. Bg2 d6 6. Nf3 Nbd7 7. O-O c6 8. Qc2
Re8 9. b4 Nb6 10. Nd2 e5 11. dxe5 dxe5 12. Bb2 Bf5 13. e4 Be6 14. Ne2 Nh5 15.
c5 Nc8 16. Rad1 Qc7 17. Nc4 b6 18. Nd6 Nxd6 19. Rxd6 Rad8 20. Rfd1 Rxd6 21.
cxd6 Qd7 22. f4 Bg4 23. fxe5 Bxe5 24. Bxe5 Rxe5 25. Rd4 Qe8 26. Nf4 Bd7 27. Nd3
Rg5 28. e5 f6 29. exf6 Qe3+ 30. Qf2 Qxf2+ 31. Kxf2 Nxf6 32. Rc4 Ng4+ 33. Kg1
Ne3 34. Re4 Nxg2 35. Re7 Rd5 36. Rxd7 Rxd3 37. Kxg2 a5 38. bxa5 bxa5 39. Ra7
Rxd6 40. Rxa5 Rd2+ 41. Kh3 1/2-1/2

[Event "Frankfurt Ch 2011"]
[Site "Ffm-Kalbach, LAZ"]
[Date "2011.06.06"]
[Round "6.57"]
[White "Weber, Axel"]
[Black "Plattner, Rolf"]
[Result "1/2-1/2"]
[WhiteElo "1452"]
[BlackElo "1919"]
[PlyCount "103"]
[EventDate "2011.??.??"]
[WhiteTeam "Sfr. Frankfurt 1921"]
[BlackTeam "SK Langen"]

1. e4 c5 2. Nf3 d6 3. h3 Nc6 4. Nc3 Nf6 5. Bc4 e6 6. d3 Be7 7. O-O O-O 8. Re1
a6 9. a4 Qc7 10. Bf4 b6 11. Qd2 Bb7 12. Bh2 Rfd8 13. Qe2 Nd4 14. Nxd4 cxd4 15.
Na2 e5 16. Rac1 Qd7 17. Bb3 Bc6 18. c3 dxc3 19. Nxc3 Qb7 20. Na2 a5 21. Rc2 Qd7
22. Nc3 Rac8 23. Rec1 Qb7 24. f4 exf4 25. Bxf4 Re8 26. Nb5 Bxb5 27. axb5 Bf8
28. Rxc8 Rxc8 29. Rxc8 Qxc8 30. Qc2 Qxc2 31. Bxc2 d5 32. e5 Bc5+ 33. Kf1 Nd7
34. Bd1 Bd4 35. b3 Kf8 36. Ke2 Ke7 37. Bd2 Nxe5 38. b4 axb4 39. Bxb4+ Bc5 40.
Bxc5+ bxc5 41. Ke3 Nd7 42. Kf4 Kd6 43. Bh5 f6 44. Bg4 Ne5 45. Be2 c4 46. Ke3
cxd3 47. Bxd3 g6 48. Be2 Kc5 49. h4 f5 50. Kf4 Nc4 51. Kg5 Ne5 52. Kh6 1/2-1/2

[Event "Frankfurt Ch 2011"]
[Site "Ffm-Kalbach, LAZ"]
[Date "2011.06.06"]
[Round "6.58"]
[White "Kraus, Roman"]
[Black "Rehn, Hans Peter"]
[Result "0-1"]
[WhiteElo "1504"]
[BlackElo "1921"]
[PlyCount "44"]
[EventDate "2011.??.??"]
[WhiteTeam "SV Bergwinkel"]
[BlackTeam "SK Gründau"]

1. d4 Nf6 2. c4 g6 3. Nc3 Bg7 4. Nf3 O-O 5. Bf4 d6 6. e3 Nc6 7. d5 e5 8. Bg5
Ne7 9. Qc2 h6 10. Bh4 Nf5 11. Bg3 Qe7 12. Bd3 Re8 13. e4 Nd4 14. Nxd4 exd4 15.
Ne2 Nxe4 16. Bf4 Nc5 17. Kd1 Nxd3 18. Qxd3 Bf5 19. Qd2 g5 20. Bg3 Qe4 21. f3
Qd3 22. Rc1 Rxe2 0-1

[Event "Frankfurt Ch 2011"]
[Site "Ffm-Kalbach, LAZ"]
[Date "2011.06.06"]
[Round "6.59"]
[White "Bergmann, Michael"]
[Black "Brauer, Frank"]
[Result "1-0"]
[WhiteElo "1511"]
[BlackElo "1897"]
[PlyCount "99"]
[EventDate "2011.??.??"]
[WhiteTeam "vereinslos"]
[BlackTeam "vereinslos"]

1. d4 Nf6 2. c4 c5 3. Nf3 cxd4 4. Nxd4 Nc6 5. e3 e5 6. Nxc6 bxc6 7. Be2 Be7 8.
O-O O-O 9. Nd2 d5 10. cxd5 cxd5 11. Nf3 Bd6 12. b3 Bd7 13. Bb2 Re8 14. h3 Qb6
15. Nh2 Rac8 16. Ng4 Nxg4 17. Bxg4 Bxg4 18. Qxg4 Rc2 19. Qa4 Rec8 20. Rac1 Rxc1
21. Rxc1 Rxc1+ 22. Bxc1 g6 23. Bb2 Qc7 24. Ba3 Bxa3 25. Qxa3 d4 26. b4 Qc3 27.
Qxa7 d3 28. Qb8+ Kg7 29. Qd6 e4 30. b5 Qc1+ 31. Kh2 d2 32. Qe5+ Kf8 33. b6 d1=Q
34. b7 Qb1 35. b8=Q+ Qxb8 36. Qxb8+ Kg7 37. Qe5+ Kf8 38. Qxe4 Qd2 39. a4 Qxf2
40. a5 Qa2 41. Qa8+ Kg7 42. a6 Qa1 43. a7 Qe5+ 44. g3 Qxe3 45. h4 h5 46. Qb7
Qf2+ 47. Kh3 Qf5+ 48. Kg2 Qc2+ 49. Kg1 Qc5+ 50. Kh1 1-0

[Event "Frankfurt Ch 2011"]
[Site "Ffm-Kalbach, LAZ"]
[Date "2011.06.06"]
[Round "6.60"]
[White "Winter, Olaf"]
[Black "Rondorf, Jochen"]
[Result "1-0"]
[WhiteElo "1675"]
[BlackElo "1499"]
[PlyCount "93"]
[EventDate "2011.??.??"]
[WhiteTeam "SK Bickenbach"]
[BlackTeam "SG Niederkassel"]

1. c4 c5 2. Nc3 Nc6 3. g3 g6 4. Bg2 Bg7 5. a3 Nf6 6. e3 O-O 7. Nge2 d6 8. O-O
Bg4 9. h3 Bd7 10. d4 cxd4 11. exd4 Rb8 12. Be3 a6 13. b4 Qc8 14. Kh2 Nd8 15.
Qb3 Re8 16. Rac1 h6 17. Nf4 Ne6 18. Nfe2 Nh7 19. Nd5 b6 20. Qa2 Neg5 21. Ng1
Bf5 22. h4 Ne6 23. Qd2 Nf6 24. Nxf6+ exf6 25. d5 g5 26. dxe6 Qxe6 27. Rfe1 Qd7
28. Bh3 gxh4 29. Bxf5 hxg3+ 30. fxg3 Qxf5 31. Bf4 Bf8 32. Nf3 Rbd8 33. Nh4 Qg4
34. Re3 Qd7 35. Rce1 Re6 36. Rxe6 fxe6 37. Bxh6 e5 38. Bxf8 Rxf8 39. Qd5+ Kg7
40. Rf1 f5 41. c5 b5 42. Qxd6 Qe8 43. Nxf5+ Kg8 44. Nh6+ Kg7 45. Qxf8+ Qxf8 46.
Rxf8 Kxf8 47. Kg2 1-0

[Event "Frankfurt Ch 2011"]
[Site "Ffm-Kalbach, LAZ"]
[Date "2011.06.06"]
[Round "6.61"]
[White "Crnjac, Zdravco"]
[Black "Krischak, Werner"]
[Result "1-0"]
[WhiteElo "1482"]
[BlackElo "1822"]
[PlyCount "95"]
[EventDate "2011.??.??"]
[WhiteTeam "TSG Nieder-Erlenbach 1888"]
[BlackTeam "SK Marburg 1931/72"]

1. e3 c5 2. b3 e6 3. Bb2 Nf6 4. g3 d5 5. d3 Nc6 6. h3 Bd6 7. Nd2 b6 8. g4 e5 9.
Ne2 Be6 10. a3 Qc7 11. Ng3 O-O-O 12. Ne2 h5 13. g5 Ng8 14. h4 Nge7 15. Nc3 Qd7
16. Be2 Bb8 17. Qb1 e4 18. Nd1 exd3 19. cxd3 d4 20. Ne4 Nf5 21. Qc2 Bd5 22. Bc1
Bxe4 23. dxe4 Nxe3 24. Ba6+ Kc7 25. fxe3 d3 26. Qh2+ Qd6 27. Qxd6+ Rxd6 28. Nf2
Ne5 29. Bd2 Kc6 30. a4 Rhd8 31. Rc1 Kd7 32. b4 Nf3+ 33. Kd1 Nxd2 34. Kxd2 cxb4
35. Nxd3 Ke7 36. Ke2 Re6 37. Kf3 b5 38. Bxb5 a6 39. Bc4 Rb6 40. Rb1 a5 41. Bd5
Bd6 42. Rhc1 g6 43. Nc5 Bxc5 44. Rxc5 Ra6 45. Rc7+ Rd7 46. Rxd7+ Kxd7 47. Bxf7
Rd6 48. Bd5 1-0

[Event "Frankfurt Ch 2011"]
[Site "Ffm-Kalbach, LAZ"]
[Date "2011.06.06"]
[Round "6.62"]
[White "Imelmann, Esther"]
[Black "Puzzo, Peter"]
[Result "1-0"]
[WhiteElo "1790"]
[BlackElo "1463"]
[PlyCount "87"]
[EventDate "2011.??.??"]
[WhiteTeam "SV Mainz-Mombach"]
[BlackTeam "Sfr. Frankfurt 1921"]

1. d4 d5 2. c4 c6 3. Nc3 e6 4. Nf3 Nf6 5. Bg5 Nbd7 6. e3 Be7 7. Bd3 dxc4 8.
Bxc4 b5 9. Bd3 h6 10. Bh4 Bb7 11. Rc1 a6 12. a3 c5 13. dxc5 Nxc5 14. Be2 Qb6
15. O-O Rd8 16. Qc2 O-O 17. b4 Ncd7 18. Rfd1 Rfe8 19. Nd4 Rc8 20. Qb2 Ne5 21.
Bg3 Nc4 22. Bxc4 Rxc4 23. Nce2 Rec8 24. Rxc4 bxc4 25. Nc3 Ne4 26. Na4 Qd8 27.
Qc2 Nxg3 28. Nc6 Qe8 29. Nxe7+ Qxe7 30. hxg3 Qc7 31. Nc5 Qc6 32. f3 Qb5 33. Rd4
a5 34. Nxb7 axb4 35. axb4 Qxb4 36. Nd6 Rc5 37. Kf2 Qb3 38. Qc1 c3 39. Ke2 Qb2+
40. Qxb2 cxb2 41. Rb4 Rc2+ 42. Kd3 Rxg2 43. g4 Kf8 44. Nc4 1-0

[Event "Frankfurt Ch 2011"]
[Site "Ffm-Kalbach, LAZ"]
[Date "2011.06.06"]
[Round "6.63"]
[White "Lanz, Jürgen"]
[Black "Stulken, Dietmar"]
[Result "1-0"]
[WhiteElo "1564"]
[BlackElo "1384"]
[PlyCount "67"]
[EventDate "2011.??.??"]
[WhiteTeam "SC 1979 Hattersheim"]
[BlackTeam "Sfr. Frankfurt 1921"]

1. Nf3 d5 2. d4 e6 3. c4 c6 4. Nc3 Nf6 5. cxd5 exd5 6. Bg5 Be7 7. e3 Ne4 8.
Bxe7 Qxe7 9. Bd3 Bf5 10. O-O O-O 11. Qc2 Nd7 12. Rac1 Bg6 13. Ne2 Ng5 14. Kh1
Bxd3 15. Qxd3 Ne4 16. Ng3 Qe6 17. Nd2 Ndf6 18. Ngxe4 Nxe4 19. Nxe4 Qxe4 20.
Qxe4 dxe4 21. Rc4 f5 22. h4 h5 23. Kh2 Kf7 24. Kg3 Rad8 25. Rfc1 Rd6 26. Kf4
Kf6 27. Rc5 Rd5 28. Rxd5 cxd5 29. Rc7 Rf7 30. Rxf7+ Kxf7 31. Kxf5 g6+ 32. Ke5
Ke7 33. Kxd5 Kf6 34. Kxe4 1-0

[Event "Frankfurt Ch 2011"]
[Site "Ffm-Kalbach, LAZ"]
[Date "2011.06.06"]
[Round "6.64"]
[White "Lehmann, Gerit"]
[Black "Mühlbach, Christian"]
[Result "0-1"]
[WhiteElo "1471"]
[BlackElo "1709"]
[PlyCount "118"]
[EventDate "2011.??.??"]
[WhiteTeam "Sfr. Frankfurt 1921"]
[BlackTeam "SK Langen"]

1. d4 f5 2. Qd3 d6 3. Bg5 Nc6 4. Nf3 g6 5. c3 Bg7 6. e3 Nf6 7. Nbd2 Bd7 8. Be2
e5 9. dxe5 dxe5 10. Qc2 Qe7 11. O-O-O a5 12. Bb5 Qc5 13. Bxf6 Bxf6 14. Qb3 Ke7
15. Qc4 Qb6 16. Qb3 Qc5 17. Bc4 Rhb8 18. Qb5 Qxb5 19. Bxb5 Nb4 20. Bc4 Nc6 21.
Nb3 b6 22. Rd2 a4 23. Rhd1 Rd8 24. Na1 Na5 25. Be2 Be6 26. Rxd8 Rxd8 27. Rxd8
Kxd8 28. Bb5 Bxa2 29. Bxa4 Bc4 30. Nd2 Bd5 31. f3 Bg5 32. Nc2 Nc4 33. Nxc4 Bxc4
34. Kd2 Ke7 35. Nb4 Kd6 36. b3 Bf1 37. g3 f4 38. gxf4 exf4 39. Ke1 Bh3 40. e4
Bf6 41. Na2 Kc5 42. Be8 Be6 43. c4 Bd4 44. h4 Bf6 45. h5 g5 46. Nc1 Kd4 47. Kd2
Bh3 48. Bc6 Bg2 49. Ke2 Kc3 50. Bd7 Kb2 51. Nd3+ Kxb3 52. Kf2 Bh1 53. Ne1 Bd4+
54. Ke2 Kxc4 55. Be6+ Kc3 56. h6 b5 57. Ba2 b4 58. Nd3 Bxf3+ 59. Kxf3 Kxd3 0-1

[Event "Frankfurt Ch 2011"]
[Site "Ffm-Kalbach, LAZ"]
[Date "2011.06.06"]
[Round "6.65"]
[White "Fischer, Lutz"]
[Black "Budde, Michael"]
[Result "1/2-1/2"]
[WhiteElo "1492"]
[BlackElo "1718"]
[PlyCount "117"]
[EventDate "2011.??.??"]
[WhiteTeam "Sfr. Frankfurt 1921"]
[BlackTeam "SC 1979 Hattersheim"]

1. e4 e6 2. d4 d5 3. Nc3 Nf6 4. Bg5 Be7 5. e5 Nfd7 6. h4 Bxg5 7. hxg5 Qxg5 8.
Nh3 Qe7 9. Qg4 g6 10. Qf4 c5 11. Nb5 Kd8 12. Ng5 f6 13. exf6 Nxf6 14. O-O-O Rf8
15. Qd2 Nc6 16. dxc5 Qxc5 17. f3 Bd7 18. a3 a6 19. Nd4 Nxd4 20. Qxd4 Rc8 21.
Qxc5 Rxc5 22. Bd3 h5 23. Bxg6 Rg8 24. Nf7+ Ke7 25. Ne5 Ba4 26. Rd2 Rgc8 27. Re1
d4 28. Bd3 Nd5 29. g3 Ne3 30. Ng6+ Kf6 31. Nf4 Bxc2 32. Bxc2 Rxc2+ 33. Rxc2
Rxc2+ 34. Kb1 Rh2 35. Nd3 Rg2 36. Nf4 Rh2 37. Nd3 e5 38. Nc5 Rg2 39. Ka2 Nc4
40. Kb3 Nd2+ 41. Ka2 Nc4 42. Kb3 Ne3 43. Ne4+ Kg6 44. Rc1 Nf5 45. Rc8 d3 46.
Rd8 Nd4+ 47. Kc3 Nxf3 48. Rxd3 Nd4 49. Nd6 Rc2+ 50. Kb4 Rxb2+ 51. Kc4 Nf5 52.
Ne4 Rg2 53. Kd5 Ne7+ 54. Kxe5 Nc6+ 55. Kf4 Ra2 56. Rd6+ Kf7 57. Rd7+ Kg6 58.
Rd6+ Kf7 59. Rd7+ 1/2-1/2

[Event "Frankfurt Ch 2011"]
[Site "Ffm-Kalbach, LAZ"]
[Date "2011.06.06"]
[Round "6.66"]
[White "Jordake, Michael"]
[Black "Reitz, Thomas"]
[Result "1-0"]
[WhiteElo "1710"]
[BlackElo "1482"]
[PlyCount "69"]
[EventDate "2011.??.??"]
[WhiteTeam "SC Bergen-Enkheim 1922"]
[BlackTeam "BSSK Frankfurt 1956"]

1. e4 e5 2. Nc3 Nf6 3. g3 Nc6 4. Bg2 d6 5. Nge2 Bg4 6. f3 Be6 7. O-O Nd4 8. d3
c5 9. Kh1 Qd7 10. Ng1 h5 11. Bg5 Nh7 12. Be3 g5 13. Nd5 f5 14. c3 Nc6 15. Bxg5
Bxd5 16. exd5 Nxg5 17. dxc6 bxc6 18. Re1 h4 19. g4 h3 20. Bf1 O-O-O 21. d4 Qf7
22. Qa4 Qc7 23. Ba6+ Kd7 24. dxe5 dxe5 25. Rad1+ Bd6 26. Rxe5 Qb6 27. Re2 Kc7
28. Rxd6 Rxd6 29. Re7+ Kd8 30. Rb7 Re8 31. Rxb6 axb6 32. Qf4 Rg6 33. Qxf5 Ree6
34. Bd3 Rg7 35. Qf8+ 1-0

[Event "Frankfurt Ch 2011"]
[Site "Ffm-Kalbach, LAZ"]
[Date "2011.06.06"]
[Round "6.67"]
[White "Hartmann, Stephan"]
[Black "Zerhusen, Martin"]
[Result "1/2-1/2"]
[WhiteElo "1441"]
[BlackElo "1650"]
[PlyCount "119"]
[EventDate "2011.??.??"]
[WhiteTeam "SG Turm Idstein"]
[BlackTeam "SV Oberursel"]

1. e4 c5 2. Nf3 Nc6 3. Nc3 d6 4. Be2 e5 5. d3 Nf6 6. Bg5 Be7 7. O-O O-O 8. Bxf6
Bxf6 9. Nd5 Be6 10. Nxf6+ Qxf6 11. Qd2 h6 12. c3 Bg4 13. h3 Bxf3 14. Bxf3 g5
15. Be2 Qg7 16. g4 Nd8 17. Kh2 Ne6 18. Bd1 Rfd8 19. Bb3 Nf4 20. Rad1 d5 21.
Bxd5 Nxd5 22. exd5 Rxd5 23. Qe3 Rad8 24. Rd2 f6 25. Qe4 Qh7 26. Qxh7+ Kxh7 27.
Rfd1 Kg6 28. f3 h5 29. Kg3 h4+ 30. Kf2 Kf7 31. Ke3 Ke6 32. d4 c4 33. Ke2 b5 34.
a3 a5 35. Ke3 f5 36. Ke2 f4 37. Kf2 exd4 38. cxd4 Kf6 39. Ke2 Re8+ 40. Kf2 Re3
41. Rc1 Rd8 42. Rc3 Rde8 43. d5 Rxc3 44. bxc3 Rd8 45. Rd4 a4 46. Ke2 Ke5 47.
Re4+ Kd6 48. Kf2 Rc8 49. Re6+ Kxd5 50. Rg6 Re8 51. Rxg5+ Kc6 52. Rg6+ Kc5 53.
Rg5+ Kb6 54. Rd5 Re3 55. g5 Rxc3 56. g6 Rc2+ 57. Kf1 Rc1+ 58. Kf2 Rc2+ 59. Kf1
Rc1+ 60. Kf2 1/2-1/2

[Event "Frankfurt Ch 2011"]
[Site "Ffm-Kalbach, LAZ"]
[Date "2011.06.06"]
[Round "6.68"]
[White "Storch, Dominik"]
[Black "Honert, Stefan"]
[Result "1-0"]
[WhiteElo "1883"]
[BlackElo "1398"]
[PlyCount "71"]
[EventDate "2011.??.??"]
[WhiteTeam "Frankfurter TV 1860"]
[BlackTeam "Sfr. Frankfurt 1921"]

1. e4 d5 2. exd5 Nf6 3. d4 Bg4 4. Bb5+ Nbd7 5. Nf3 a6 6. Ba4 Nxd5 7. c4 N5b6 8.
Bb3 Nf6 9. Be3 e6 10. O-O Be7 11. Nc3 c6 12. h3 Bh5 13. Re1 O-O 14. d5 cxd5 15.
cxd5 Nbxd5 16. g4 Nxc3 17. bxc3 Bg6 18. Bd4 Qc7 19. Qe2 Rfe8 20. Ne5 Bd6 21.
Nxg6 hxg6 22. h4 e5 23. Be3 Qa5 24. h5 g5 25. Bxg5 e4 26. Bh4 Bf4 27. Bxf6 gxf6
28. Qc4 Qg5 29. Qxf7+ Kh8 30. Kf1 Qh4 31. Re3 Bxe3 32. fxe3 Qh1+ 33. Ke2 Qf3+
34. Kd2 Rad8+ 35. Kc2 Qd1+ 36. Rxd1 1-0

[Event "Frankfurt Ch 2011"]
[Site "Ffm-Kalbach, LAZ"]
[Date "2011.06.06"]
[Round "6.69"]
[White "Popp, Matthias"]
[Black "Liebert, Monika"]
[Result "1-0"]
[WhiteElo "1522"]
[BlackElo "1021"]
[PlyCount "97"]
[EventDate "2011.??.??"]
[WhiteTeam "SC Bergen-Enkheim 1922"]
[BlackTeam "SV Schachforum Darmstadt 1994"]

1. d4 d5 2. Nf3 Nf6 3. Bf4 Bg4 4. Nbd2 Nbd7 5. c3 e6 6. h3 Bxf3 7. Nxf3 Ne4 8.
e3 c6 9. Bd3 f5 10. Qc2 Ndf6 11. O-O-O b5 12. Ne5 Qc8 13. f3 Nd6 14. g4 g6 15.
Qh2 Nf7 16. Rhg1 a5 17. Qe2 b4 18. Nxc6 bxc3 19. Bb5 Nd7 20. bxc3 Ba3+ 21. Kc2
Nd6 22. Rb1 Nxb5 23. Qxb5 Qa6 24. Rb3 Qxb5 25. Rxb5 O-O 26. Rgb1 Rfc8 27. Nxa5
Nb8 28. Rxb8 Raxb8 29. Rxb8 Rxb8 30. Bxb8 fxg4 31. fxg4 h5 32. Bg3 hxg4 33.
hxg4 Kf7 34. g5 Ke7 35. Nc6+ Kd7 36. Ne5+ Ke7 37. Nxg6+ Kf7 38. Ne5+ Kg7 39.
Kb3 Bd6 40. a4 Bc7 41. Kb4 Kg8 42. a5 Bxa5+ 43. Kxa5 Kg7 44. Kb5 Kf8 45. Kc6
Ke7 46. g6 Kf6 47. Bh4+ Kg7 48. Bg5 Kg8 49. Kd6 1-0

[Event "Frankfurt Ch 2011"]
[Site "Ffm-Kalbach, LAZ"]
[Date "2011.06.06"]
[Round "6.70"]
[White "Heun, Andreas"]
[Black "Zelba, Gianluca"]
[Result "1-0"]
[WhiteElo "1509"]
[BlackElo "1378"]
[PlyCount "57"]
[EventDate "2011.??.??"]
[WhiteTeam "SC Ladja Roßdorf"]
[BlackTeam "SV Lahn Limburg"]

1. e4 c5 2. Nc3 e6 3. f4 Nc6 4. Nf3 Nge7 5. Be2 g6 6. d3 Bg7 7. O-O d5 8. Qe1
O-O 9. Qh4 a6 10. Ng5 h6 11. Nf3 Nd4 12. Nxd4 Bxd4+ 13. Kh1 Bg7 14. f5 exf5 15.
Bxh6 dxe4 16. Bxg7 Kxg7 17. dxe4 Rh8 18. Qf2 b6 19. Qf4 Nc6 20. Rad1 Nd4 21.
Bc4 Qf6 22. Nd5 Qh4 23. Qe5+ Kg8 24. Nf6+ Kf8 25. Qe8+ Kg7 26. Qxf7+ Kh6 27.
Rd3 f4 28. Ng8+ Kg5 29. Qf6+ 1-0

[Event "Frankfurt Ch 2011"]
[Site "Ffm-Kalbach, LAZ"]
[Date "2011.06.06"]
[Round "6.71"]
[White "Mook, Karl-Jürgen"]
[Black "Bender, Manfred"]
[Result "0-1"]
[WhiteElo "1611"]
[BlackElo "1821"]
[PlyCount "100"]
[EventDate "2011.??.??"]
[WhiteTeam "Sfr. Frankfurt 1921"]
[BlackTeam "Sfr. Taunus Königstein/Schwalbac"]

1. e4 c5 2. Nf3 Nc6 3. d4 cxd4 4. Nxd4 d6 5. Bb5 Bd7 6. Nc3 e6 7. O-O Nf6 8. h3
Be7 9. Be3 Ne5 10. Be2 a6 11. a4 O-O 12. f4 Nc6 13. Nxc6 Bxc6 14. Bf3 Qa5 15.
Bd2 Qb6+ 16. Kh1 d5 17. exd5 exd5 18. Re1 Bc5 19. a5 Qc7 20. g3 Bf2 21. Rg1
Bxg1 22. Qxg1 d4 23. Qg2 dxc3 24. Bxc3 Nh5 25. Be5 Bxf3 26. Qxf3 Qc6 27. Kg2 f6
28. Qxc6 bxc6 29. Bd4 c5 30. Bc3 g6 31. Ra4 Kf7 32. Rc4 Rac8 33. Ra4 Rfe8 34.
Kf3 Ng7 35. g4 Ne6 36. Rc4 h6 37. h4 Nd4+ 38. Bxd4 cxd4 39. Rxd4 Rxc2 40. Rd6
Rxb2 41. Rxa6 Rb3+ 42. Kf2 Rc8 43. Ra7+ Ke8 44. Ke1 Rb2 45. Kd1 Rd8+ 46. Kc1
Ra2 47. Kb1 Rh2 48. Kc1 Rdd2 49. a6 Rdg2 50. Ra8+ Kd7 0-1